Unpopular essays / (Record no. 7952)
[ view plain ]
| 000 -LEADER | |
|---|---|
| fixed length control field | 00575cam a2200229I 4500 |
| 003 - CONTROL NUMBER IDENTIFIER | |
| JCCL marc code | BD-JhCC |
| 005 - DATE AND TIME OF LATEST TRANSACTION | |
| control field | 20180417123157.0 |
| 008 - FIXED-LENGTH DATA ELEMENTS--GENERAL INFORMATION | |
| fixed length control field | 791206s1958 enk 000 0 eng d |
| 035 ## - SYSTEM CONTROL NUMBER | |
| system control number | ocm05769638 |
| 035 ## - SYSTEM CONTROL NUMBER | |
| system control number | (BD-JhCC) |
| 040 ## - CATALOGING SOURCE | |
| Original cataloging agency | SUC |
| Transcribing agency | SUC |
| Modifying agency | CUD |
| 041 ## - LANGUAGE CODE | |
| Language code of Book | eng |
| 050 ## - LIBRARY OF CONGRESS CALL NUMBER | |
| Classification number | B1649.R93 |
| Item number | U5 |
| 082 ## - DEWEY DECIMAL CLASSIFICATION NUMBER | |
| Classification number | 192 |
| Author mark and Year | RUS 1958 |
| 100 1# - MAIN ENTRY--PERSONAL NAME | |
| Personal name | Russell, Bertrand, |
| Dates associated with a name | 1872-1970 |
| 245 10 - TITLE STATEMENT | |
| Title | Unpopular essays / |
| Statement of responsibility, etc | Bertrand Russell, |
| 260 ## - PUBLICATION, DISTRIBUTION, ETC. (IMPRINT) | |
| Place of publication, distribution, etc | London, |
| Name of publisher, distributor, etc | Allen and Unwin |
| Date of publication, distribution, etc | [1951] |
| 300 ## - PHYSICAL DESCRIPTION | |
| Pagination | 223 p. |
| Dimensions | 19 cm. |
| 650 ## - SUBJECT ADDED ENTRY--TOPICAL TERM | |
| Topical term or geographic name as entry element | Philosophy |
| 942 ## - ADDED ENTRY ELEMENTS (KOHA) | |
| Source of classification or shelving scheme | Dewey Decimal Classification |
| Koha item type | Books |
| Source of classification or shelving scheme | Damaged status | Not for loan | Home library | Current library | Shelving location | Total Checkouts | Full call number | Barcode | Date last seen | Copy number | Koha item type |
|---|---|---|---|---|---|---|---|---|---|---|---|
| Dewey Decimal Classification | JCC Rouf Library | JCC Rouf Library | General Stacks | 192 RUS 1958 | 10495 | 02/15/2018 | C - 1 | Books |